000 00549cam a22001932 4500
001 0000011937
005 20151217155848.0
008 090121s xx 000 0 eng d
040 _aKABU
_cKABU
245 1 0 _aTen Africans /
_cedited by Margery Perham.
250 _a1st ed.
260 _aLondon :
_bFaber & Faber,
_c1936.
300 _a343 p.
650 0 _aBantu-speaking people.
_@0000168006
651 0 _aAfrica
_xBiography.
_@0000168007
852 1 _9p500 KES
908 _a090121
950 _@1
999 _c13427
_d13427